Recursos naturales. lineamientos de su régimen jurídico / Tomo II :

Guardado en:
Autor Principal: Valls, Mario Francisco
Formato: Libro
Idioma:Spanish
Publicado: Buenos Aires : Abeledo Perrot, 1994.
Edición:3a. ed. act.
Materias:
Etiquetas: Agregar Etiqueta
Sin Etiquetas, Sea el primero en etiquetar este registro!
LEADER 00576nam a22001695a 4500
001 DER.der000321
008 180615s1994####ag#####|###|#|######spa||
005 20251218125634.0
245 1 0 |a Recursos naturales.  |n Tomo II :  |b lineamientos de su régimen jurídico /  |c Mario Francisco Valls. 
250 |a 3a. ed. act. 
260 |a Buenos Aires :  |b Abeledo Perrot,  |c 1994. 
300 |a 189 p. 
020 |a 9502008413 
100 1 |a Valls, Mario Francisco 
650 7 |a DERECHO AMBIENTAL 
859 |a DERECHO  |b BIB. DERECHO  |h 344.046  |i VAL  |p 000585 
859 |a DERECHO  |b BIB. DERECHO  |h 344.046  |i VAL  |p 008760  |t 1